00198 a2200085 450000100060000008200150000610000150002124500470003626000290008340436 a515.15 YUS aYusuf S M aCalculus with Analytic GeometrycSM Yousuf aLahorebIlmi Kitab Khana